[Event "AUTO-ADV-4359"]
[Site "http://www.queenalice.com/game.php?id=1627934"]
[Date "2020.9.24"]
[Round "2"]
[White "junipero"]
[Black "amaralch7"]
[Result "1-0"]
[WhiteElo "2057"]
[BlackElo "1875"]

1. d4 g6 2. c4 Bg7 3. Nc3 a6 4. e3 d6 5. Nf3 h5 6. Be2 Nc6 7. O-O Bg4 8. h3 e6
9. b3 Qe7 10. Bb2 f5 11. d5 Ne5 12. Nxe5 Bxe5 13. dxe6 O-O-O 14. Nd5 Qxe6 15.
Bxe5 dxe5 16. Qc2 c6 17. Nb6+ Kb8 18. c5 Nf6 19. hxg4 hxg4 20. g3 Rh6 21. Kg2 f4
22. exf4 exf4 23. gxf4 g3 24. fxg3 Nd5 25. Nxd5 Qxd5+ 26. Bf3 Qe6 27. Rh1 Rxh1
28. Rxh1 Qe3 29. Rd1 Rg8 30. Rd3 Qe6 31. Qd2 Rg7 32. Rd6 Qf5 33. Bxc6 bxc6 34.
Qb4+ Rb7 35. Rd8+ Ka7 36. Qd4 Qc2+ 37. Kf3 Qxa2 38. b4 Qa3+ 39. Kg4 Rxb4 40.
Qd7+ Rb7 41. Qxc6 Qb3 42. Rd6 Qb1 43. Qxa6+ Kb8 44. Rd8+ 1-0

[Event "AUTO-ADV-4365"]
[Site "http://www.queenalice.com/game.php?id=1632617"]
[Date "2020.11.11"]
[Round "2"]
[White "amaralch7"]
[Black "Polyphem"]
[Result "0-1"]
[WhiteElo "1946"]
[BlackElo "1762"]

1. e4 e5 2. Nf3 Nc6 3. Bb5 a6 4. Be2 Nf6 5. c3 Bc5 6. d4 exd4 7. cxd4 Be7 8. d5
Na7 9. e5 Ng8 10. O-O d6 11. e6 fxe6 12. dxe6 Bxe6 13. Nd4 Bf7 14. Nc3 Nf6 15.
Be3 O-O 16. h3 Qd7 17. Bd3 c5 18. Nf5 c4 19. Bc2 d5 20. Bg5 Rfe8 21. Bxf6 Bxf6
22. Qf3 d4 23. Rad1 d3 24. Ne4 Bxb2 25. Bb1 Bd5 26. Nh6+ gxh6 27. Qg3+ Kh8 28.
f3 Rg8 29. Qh4 Qg7 30. g4 Bd4+ 31. Kh2 Qe5+ 32. Ng3 Qd6 33. f4 Nb5 34. Nf5 Qc5
35. Nxh6 Rg7 36. Nf5 Rg6 37. Ne7 Rg7 38. Nf5 Rf7 39. Qh5 Raf8 40. Rc1 d2 41.
Rcd1 Bc3 42. Nh4 Rg8 43. Nf5 Rg6 44. Nh6 Rfg7 45. f5 Rg5 46. Qe8+ Rg8 47. Nxg8
Rxg8 48. Qh5 Bc6 49. Kg3 Be5+ 50. Kh4 Bf6+ 51. Kg3 Qe3+ 52. Kh2 Be5+ 0-1

[Event "AUTO-ADV-4365"]
[Site "http://www.queenalice.com/game.php?id=1632618"]
[Date "2020.11.11"]
[Round "2"]
[White "Polyphem"]
[Black "amaralch7"]
[Result "0-1"]
[WhiteElo "1779"]
[BlackElo "1913"]

1. d4 g6 2. e4 Bg7 3. Nc3 a6 4. Nf3 d6 5. Bf4 h5 6. Bc4 Bd7 7. e5 Nc6 8. O-O Bg4
9. Qd3 e6 10. Bg5 Qd7 11. Ne4 d5 12. Nf6+ Bxf6 13. exf6 dxc4 14. Qxc4 Bxf3 15.
gxf3 Qxd4 16. Qxd4 Nxd4 17. Kg2 O-O-O 18. c3 Nf5 19. Rad1 Ngh6 20. Rd2 Rd6 21.
Rfd1 Rxd2 22. Rxd2 Rd8 23. Rxd8+ Kxd8 24. b4 Kd7 25. a4 Kd6 26. c4 c6 27. Bf4+
e5 28. Bd2 Ng8 29. Bg5 Ke6 30. f4 exf4 31. Kf3 Nxf6 32. Bxf4 Nd7 33. c5 f6 34.
Bd2 Kd5 35. Ke2 Ne5 36. Bf4 Nf7 37. Bb8 Kc4 38. b5 cxb5 39. axb5 axb5 40. Ba7
Nd4+ 41. Kd2 Nb3+ 0-1

[Event "AUTO-ADV-4365"]
[Site "http://www.queenalice.com/game.php?id=1632619"]
[Date "2020.11.11"]
[Round "2"]
[White "amaralch7"]
[Black "ECCelestino"]
[Result "1-0"]
[WhiteElo "1912"]
[BlackElo "1939"]

1. e4 e5 2. Nf3 d6 3. Bc4 Nf6 4. c3 Nxe4 5. O-O Nf6 6. d4 e4 7. Ng5 d5 8. Bb3
Be7 9. f3 h6 10. Nxf7 Kxf7 11. fxe4 Kg8 12. exd5 Nxd5 13. Qf3 Be6 14. c4 Nf6 15.
d5 Bg4 16. Qg3 Nbd7 17. Nc3 Ne5 18. Bf4 Nh5 19. Qe3 Nxf4 20. Qxf4 Bf6 21. Ne4
Be2 22. Rf2 Nd3 23. Nxf6+ Qxf6 24. Qxf6 gxf6 25. Rxe2 Kf7 26. Rd1 Nf4 27. Rf2
Ng6 28. Rdf1 Rhe8 29. Rxf6+ Ke7 30. Rxg6 h5 31. c5 Kd7 32. Ba4+ c6 33. dxc6+
bxc6 34. Bxc6+ Kc7 35. Bxe8 Rxe8 36. Rf7+ Kb8 37. Rgf6 Rc8 38. Rf8 Rxf8 39.
Rxf8+ Kb7 40. Rh8 Kc6 41. Rxh5 a5 42. Rf5 a4 43. h4 Kb5 44. h5 1-0

[Event "AUTO-ADV-4365"]
[Site "http://www.queenalice.com/game.php?id=1632620"]
[Date "2020.11.11"]
[Round "2"]
[White "ECCelestino"]
[Black "amaralch7"]
[Result "1-0"]
[WhiteElo "1924"]
[BlackElo "1910"]

1. d4 g6 2. e4 Bg7 3. Nf3 a6 4. Be3 d6 5. Nc3 h5 6. Bc4 Nc6 7. h3 Bd7 8. Nh4 Nh6
9. Qf3 O-O 10. Nxg6 Nxd4 11. Bxd4 e5 12. Nxf8 Qxf8 13. Be3 b5 14. Bd5 c6 15. Bb3
c5 16. Qxh5 c4 17. Bxh6 Bxh6 18. Nd5 Bg7 19. Nc7 Ra7 20. Nd5 Be8 21. Ne3 f5 22.
Qxf5 Qe7 23. Nd5 Qh4 24. Qe6+ Bf7 25. Qc8+ Kh7 26. Qb8 Qxe4+ 27. Ne3 Rb7 28.
Qxd6 cxb3 29. cxb3 Bh6 30. O-O Bg8 31. Ng4 Bg7 32. Rfe1 Qf5 33. Qxa6 Rf7 34.
Qxb5 Re7 35. a4 e4 36. Qxf5+ 1-0

[Event "AUTO-ADV-4393"]
[Site "http://www.queenalice.com/game.php?id=1634992"]
[Date "2020.12.1"]
[Round "2"]
[White "maurice91"]
[Black "amaralch7"]
[Result "0-1"]
[WhiteElo "1810"]
[BlackElo "1901"]

1. d4 g6 2. c4 Bg7 3. Nf3 d6 4. e4 h5 5. Nc3 a6 6. Bf4 Nc6 7. Be2 Bd7 8. Rc1 Nh6
9. Qd2 Ng8 10. h3 f6 11. a3 e5 12. dxe5 dxe5 13. Bh2 Qe7 14. O-O g5 15. Rfd1 g4
16. hxg4 hxg4 17. Ne1 O-O-O 18. Nd5 Qf7 19. b4 Bh6 20. Qc3 Bxc1 21. Rxc1 Nd4 22.
Bf1 Qh5 23. Qg3 Re8 24. Nd3 Nf3+ 25. gxf3 gxf3 26. Ne1 Nh6 27. Qxf3 Qg5+ 28. Bg2
Qxc1 29. Qe2 Qg5 30. f3 Nf7 31. Qf2 Kb8 32. f4 Qh5 33. Bf3 Reg8+ 34. Kh1 Qh6 35.
fxe5 Nxe5 36. Ne7 Rg7 37. Nf5 Bxf5 38. exf5 Nxf3 39. Nxf3 Qc1+ 40. Ne1 Qxc4 41.
Qf3 Rgh7 42. Qg3 Qe4+ 0-1

[Event "AUTO-ADV-4393"]
[Site "http://www.queenalice.com/game.php?id=1634993"]
[Date "2020.12.1"]
[Round "2"]
[White "amaralch7"]
[Black "maurice91"]
[Result "1-0"]
[WhiteElo "1923"]
[BlackElo "1833"]

1. e4 c6 2. d4 d5 3. e5 Bf5 4. Nf3 e6 5. a3 h6 6. Be3 Nd7 7. Nc3 a6 8. h3 Rc8 9.
b4 a5 10. Bd3 Bxd3 11. Qxd3 axb4 12. axb4 Bxb4 13. O-O Ne7 14. Ne2 Nf5 15. Bf4
Be7 16. Nh2 c5 17. c3 c4 18. Qc2 b5 19. Ng4 g5 20. Bd2 Rb8 21. Ng3 Nxg3 22. fxg3
h5 23. Nh2 O-O 24. Qd1 f6 25. Qxh5 Qe8 26. Qxe8 Rbxe8 27. exf6 Bxf6 28. Ra5 Rb8
29. Ng4 Bd8 30. Ra7 Rxf1+ 31. Kxf1 Nf8 32. Nh6+ Kh8 33. Nf7+ Kg8 34. Nxg5 Bxg5
35. Bxg5 b4 36. Bf4 Rb6 37. cxb4 Rxb4 38. Bd6 Rb1+ 39. Ke2 Ng6 40. Ra3 Rb2+ 41.
Kf3 Kf7 42. h4 e5 43. h5 e4+ 44. Kg4 Nh8 45. Kh3 Ke6 46. Bf4 Nf7 47. g4 Rb3+ 48.
Rxb3 cxb3 49. Bc1 e3 50. Kg3 Nd6 51. Kf3 Nc4 52. g5 Kf5 53. g6 Kf6 54. g4 Kg7
55. g5 Kg8 56. h6 Kh8 57. g7+ Kg8 58. g6 b2 59. Bxb2 Nxb2 60. Kxe3 Nc4+ 61. Kf4
Nd6 62. Kg5 Ne4+ 63. Kf5 Nd6+ 64. Kf6 Ne8+ 65. Ke5 Nc7 66. Kd6 Ne8+ 67. Ke6
Nxg7+ 68. hxg7 Kxg7 69. Kf5 Kf8 70. Kf6 Kg8 71. g7 1-0

[Event "AUTO-ADV-4393"]
[Site "http://www.queenalice.com/game.php?id=1634994"]
[Date "2020.12.1"]
[Round "2"]
[White "Artking"]
[Black "amaralch7"]
[Result "0-1"]
[WhiteElo "2018"]
[BlackElo "1926"]

1. d4 g6 2. c4 Bg7 3. Nc3 d6 4. e4 a6 5. f4 h5 6. Nf3 Bg4 7. Be2 Bd7 8. O-O Bg4
9. e5 dxe5 10. fxe5 e6 11. Bg5 f6 12. exf6 Bxf6 13. Qd2 Bxf3 14. Bxf6 Nxf6 15.
Bxf3 Ng4 16. Rad1 Qh4 17. h3 Nc6 18. hxg4 hxg4 19. Bxc6+ bxc6 20. Qf4 O-O-O 21.
b4 g5 22. Qe5 g3 23. Qxe6+ Rd7 0-1

[Event "AUTO-ADV-4393"]
[Site "http://www.queenalice.com/game.php?id=1634995"]
[Date "2020.12.1"]
[Round "2"]
[White "amaralch7"]
[Black "Artking"]
[Result "0-1"]
[WhiteElo "1907"]
[BlackElo "1961"]

1. e4 c5 2. c3 d6 3. d3 Nf6 4. h3 Nc6 5. Nf3 Qc7 6. Be2 e6 7. Be3 Be7 8. Nbd2
O-O 9. g4 h6 10. g5 hxg5 11. Bxg5 b5 12. h4 Nd7 13. Nh2 f6 14. Be3 f5 15. Bg5
Nf6 16. f3 fxe4 17. dxe4 Ne5 18. f4 Nc4 19. Nxc4 bxc4 20. Bf3 Bb7 21. Qc2 Rad8
22. O-O-O d5 23. e5 Ne4 24. Bxe4 dxe4 25. Rhg1 Bxg5 26. fxg5 Qxe5 27. Rde1 e3
28. Ng4 Qf5 29. Nxe3 Qf2 30. Nxc4 Qxh4 31. g6 Rf2 32. Qb3 Bd5 33. Qd1 Qxc4 34.
Qh5 Qxa2 35. Qh7+ Kf8 36. Qh8+ Ke7 37. Qh4+ Rf6 38. Rgf1 Bb3 0-1

[Event "AUTO-ADV-4383"]
[Site "http://www.queenalice.com/game.php?id=1636078"]
[Date "2020.12.11"]
[Round "2"]
[White "amaralch7"]
[Black "rogervolei"]
[Result "1-0"]
[WhiteElo "1893"]
[BlackElo "1908"]

1. e4 e6 2. d4 a6 3. Nf3 b5 4. Bd3 Bb7 5. O-O h6 6. Be3 g5 7. Ne5 Bg7 8. Nxf7
Kxf7 9. f4 Nf6 10. fxg5 hxg5 11. e5 Kg8 12. exf6 Bxf6 13. Nd2 Rh4 14. Nf3 Rh5
15. Ne5 g4 16. Qxg4+ Rg5 17. Bxg5 Bxg5 18. Nf7 Qe7 19. Nxg5 Qg7 20. Qf4 Bxg2 21.
Kxg2 Nc6 22. Qf7+ Qxf7 23. Rxf7 Nxd4 24. Raf1 Nf5 25. Bxf5 exf5 26. R1xf5 Rd8
27. h4 c6 28. h5 d5 29. h6 Re8 30. Nf3 Re2+ 31. Kg3 Rxc2 32. Nh4 Rxb2 33. h7+
1-0

[Event "AUTO-ADV-4383"]
[Site "http://www.queenalice.com/game.php?id=1636079"]
[Date "2020.12.11"]
[Round "2"]
[White "rogervolei"]
[Black "amaralch7"]
[Result "1-0"]
[WhiteElo "1864"]
[BlackElo "1899"]

1. e3 g6 2. c3 Bg7 3. h3 d5 4. g4 Nc6 5. Bg2 e5 6. Qb3 Nge7 7. d4 e4 8. Nd2 O-O
9. g5 b6 10. h4 Na5 11. Qc2 c5 12. Ne2 c4 13. b3 b5 14. bxc4 bxc4 15. Ba3 Bg4
16. f3 Bd7 17. Nf4 Bc6 18. h5 Nf5 19. hxg6 Qxg5 20. gxh7+ Kh8 21. Nf1 Ng3 22.
Rh3 Nf5 23. Bxf8 Rxf8 24. Rh5 Qf6 25. fxe4 dxe4 26. Bxe4 Bxe4 27. Qxe4 Nd6 28.
Qd5 Nab7 29. Rb1 Re8 30. Rxb7 Nxb7 31. Qxb7 Bh6 32. Qd7 Re7 33. Qc8+ Kxh7 34.
Kd2 Kg7 35. Qg4+ Kf8 36. Rxh6 Qxh6 37. Qc8+ Re8 38. Qxc4 Qh4 39. Qe2 Rb8 40. Kc1
Rc8 41. c4 Qe7 42. c5 Qb7 43. Nd2 Rb8 44. Nb3 a5 45. Qc4 Qe7 46. Qc3 a4 47. Nd2
Qh4 48. c6 a3 49. c7 Rc8 50. Qxa3+ Kg8 51. Qc3 Qe7 52. Nd5 1-0

[Event "AUTO-ADV-4383"]
[Site "http://www.queenalice.com/game.php?id=1636080"]
[Date "2020.12.11"]
[Round "2"]
[White "amaralch7"]
[Black "Tig"]
[Result "0-1"]
[WhiteElo "1935"]
[BlackElo "1961"]

1. e4 d5 2. e5 c5 3. f4 Nh6 4. d3 Bf5 5. h3 Nc6 6. Nf3 e6 7. Qe2 Be7 8. Bd2 Bh4+
9. Nxh4 Qxh4+ 10. Qf2 Qxf2+ 11. Kxf2 O-O 12. g4 Nd4 13. Nc3 Bg6 14. Rc1 f6 15.
f5 fxe5 16. Bxh6 gxh6 17. Kg3 exf5 18. Nxd5 f4+ 19. Kf2 Bf7 20. Nf6+ Kg7 21. Nd7
Rfe8 22. Nxc5 Rac8 23. Nxb7 Rxc2+ 24. Ke1 Rxc1+ 25. Kf2 Bd5 26. Nd6 Rc2+ 0-1

[Event "AUTO-ADV-4383"]
[Site "http://www.queenalice.com/game.php?id=1636081"]
[Date "2020.12.11"]
[Round "2"]
[White "Tig"]
[Black "amaralch7"]
[Result "1-0"]
[WhiteElo "1992"]
[BlackElo "1920"]

1. e4 g6 2. d4 Bg7 3. Nc3 a6 4. Nf3 Nc6 5. Be3 d6 6. Bc4 e5 7. Ng5 Nh6 8. d5 Ne7
9. h3 Bd7 10. Qd2 O-O 11. Nf3 b5 12. Be2 f5 13. Bxh6 f4 14. Bxg7 Kxg7 15. a3 c5
16. Ng5 Nxd5 17. Qxd5 Qxg5 18. f3 Rad8 19. O-O-O Bc8 20. Qd2 Qxg2 21. Rdg1 Qf2
22. h4 h5 23. Qd5 b4 24. Bxa6 Bxa6 25. Qe6 Rf6 26. Qe7+ Rf7 27. Qxd8 bxc3 28.
Qxd6 Rf6 29. Qe7+ Rf7 30. Qxe5+ 1-0

[Event "AUTO-ADV-4399"]
[Site "http://www.queenalice.com/game.php?id=1639425"]
[Date "2021.1.10"]
[Round "2"]
[White "JailtonMaster"]
[Black "amaralch7"]
[Result "0-1"]
[WhiteElo "2020"]
[BlackElo "1895"]

1. e4 g6 2. d4 Bg7 3. Nf3 d6 4. Bc4 h5 5. O-O Bg4 6. c3 Nc6 7. h3 e6 8. d5 Ne5
9. Be2 Qe7 10. Nxe5 Bxe5 11. hxg4 hxg4 12. Bxg4 f5 13. exf5 exf5 14. Bh3 Qf6 15.
f4 O-O-O 16. fxe5 dxe5 17. Be3 Kb8 18. Qa4 b6 19. c4 f4 20. Bf2 g5 21. Nd2 Qh6
22. Qd1 Nf6 23. Be1 Rdg8 24. Be6 g4 25. Kf2 Qh4+ 26. Ke2 f3+ 27. gxf3 gxf3+ 28.
Nxf3 Qxc4+ 29. Kd2 Rg2+ 30. Bf2 Ne4+ 31. Ke1 Nxf2 32. Rxf2 Rh1+ 0-1

[Event "AUTO-ADV-4399"]
[Site "http://www.queenalice.com/game.php?id=1639426"]
[Date "2021.1.10"]
[Round "2"]
[White "amaralch7"]
[Black "JailtonMaster"]
[Result "1/2-1/2"]
[WhiteElo "1916"]
[BlackElo "2067"]

1. e4 c5 2. c3 Nc6 3. Nf3 d6 4. h3 Nf6 5. d3 e5 6. Be2 Be7 7. Be3 Be6 8. Nbd2
O-O 9. g4 b5 10. Ng5 Bd7 11. f4 a5 12. f5 Nxg4 13. hxg4 Bxg5 14. Bxg5 Qxg5 15.
Rh5 Qf4 16. Nf1 d5 17. exd5 Ne7 18. c4 g6 19. f6 gxh5 20. fxe7 Rfe8 21. Qd2
Qxd2+ 22. Nxd2 Rxe7 23. gxh5 f5 24. O-O-O e4 25. dxe4 fxe4 26. Nf1 b4 27. Ng3
Rf8 28. h6 Rf2 29. Rg1 Kf8 30. Kd1 Bh3 31. Ke1 Rg2 32. Rxg2 Bxg2 33. Kf2 Bh3 34.
Ke3 Bg2 35. Nf5 Rf7 36. Ng7 Rf6 37. Ne6+ Ke7 38. Nxc5 Rxh6 39. Nb7 a4 40. Nc5 a3
41. b3 Kd6 42. Na4 Rh1 43. Kd4 Bf3 44. c5+ Kc7 45. Bb5 Rd1+ 46. Ke5 e3 47. d6+
Kd8 48. c6 Rd5+ 49. Kf4 Rxb5 50. Kxf3 h5 51. Kxe3 Kc8 52. Kf4 Kd8 53. Kg3 Kc8
54. Kf4 Kd8 1/2-1/2

[Event "AUTO-ADV-4399"]
[Site "http://www.queenalice.com/game.php?id=1639429"]
[Date "2021.1.10"]
[Round "2"]
[White "amaralch7"]
[Black "FabioDavid"]
[Result "0-1"]
[WhiteElo "1803"]
[BlackElo "2259"]

1. e4 e5 2. Nf3 Nc6 3. a4 Nf6 4. d3 d5 5. Be2 dxe4 6. dxe4 Qxd1+ 7. Bxd1 Nxe4 8.
O-O Be6 9. Be2 O-O-O 10. Bb5 Nb4 11. Na3 a6 12. Be2 f6 13. c3 Nd5 14. Bd3 Nc5
15. Bc2 a5 16. b4 axb4 17. cxb4 Nxb4 18. Bb1 Nb3 19. Bb2 Nxa1 20. Bxa1 c6 21.
Bc3 Nd5 22. Ba5 Bxa3 0-1

[Event "AUTO-ADV-4462"]
[Site "http://www.queenalice.com/game.php?id=1642888"]
[Date "2021.2.8"]
[Round "1"]
[White "Givanildo"]
[Black "amaralch7"]
[Result "1-0"]
[WhiteElo "1639"]
[BlackElo "1866"]

1. d4 g6 2. Bf4 Bg7 3. e3 d6 4. Bb5+ c6 5. Ba4 h5 6. h3 Nd7 7. Nd2 Nb6 8. Bb3 d5
9. Ngf3 f6 10. Qe2 Bd7 11. O-O g5 12. Bh2 g4 13. hxg4 hxg4 14. c3 gxf3 15. Nxf3
Bg4 16. Qd3 e5 17. Qg6+ Kf8 18. Qxg4 e4 19. Nh4 Rh6 20. Ng6+ Kf7 21. Qxe4 Nc4
22. Ne5+ 1-0

[Event "AUTO-ADV-4462"]
[Site "http://www.queenalice.com/game.php?id=1642889"]
[Date "2021.2.8"]
[Round "1"]
[White "amaralch7"]
[Black "Givanildo"]
[Result "0-1"]
[WhiteElo "1841"]
[BlackElo "1664"]

1. e4 d5 2. e5 Bf5 3. d4 e6 4. h3 Bb4+ 5. c3 Be7 6. Bf4 a6 7. Nf3 h6 8. Nbd2 Nc6
9. Be2 Qd7 10. Nb3 O-O-O 11. a4 g5 12. Be3 f6 13. O-O h5 14. Nc5 Bxc5 15. dxc5
g4 16. hxg4 hxg4 17. Ng5 fxg5 18. Bxg4 Nh6 19. Bxf5 Nxf5 20. Bxg5 Qh7 21. f3 Ng3
22. Kf2 Nxf1 0-1

[Event "AUTO-ADV-4462"]
[Site "http://www.queenalice.com/game.php?id=1642900"]
[Date "2021.2.8"]
[Round "1"]
[White "Eggchaser"]
[Black "amaralch7"]
[Result "1-0"]
[WhiteElo "1798"]
[BlackElo "1920"]

1. Nf3 g6 2. d4 Bg7 3. c4 d6 4. h3 h5 5. Nc3 a6 6. g3 Nc6 7. Bg2 Nf6 8. O-O Nh7
9. e3 f6 10. e4 g5 11. d5 Nb8 12. Nd4 e5 13. dxe6 c5 14. Nf5 Bf8 15. Qxh5# 1-0

[Event "AUTO-ADV-4462"]
[Site "http://www.queenalice.com/game.php?id=1642901"]
[Date "2021.2.8"]
[Round "1"]
[White "amaralch7"]
[Black "Eggchaser"]
[Result "0-1"]
[WhiteElo "1882"]
[BlackElo "1876"]

1. e4 c5 2. c3 d5 3. e5 e6 4. f4 g6 5. d4 cxd4 6. cxd4 Bb4+ 7. Bd2 Qe7 8. Qa4+
Nc6 9. Bb5 Bxd2+ 10. Nxd2 Bd7 11. Ngf3 Nh6 12. h3 Nf5 13. O-O O-O 14. Bxc6 Bxc6
15. Qd1 Ne3 16. Qe2 Nxf1 17. Rxf1 a6 18. Ng5 h6 19. Ngf3 Bb5 0-1

[Event "AUTO-ADV-4462"]
[Site "http://www.queenalice.com/game.php?id=1642908"]
[Date "2021.2.8"]
[Round "1"]
[White "amaralch7"]
[Black "Dangermouse"]
[Result "0-1"]
[WhiteElo "1810"]
[BlackElo "2028"]

1. e4 e6 2. d4 d5 3. e5 c5 4. Nf3 Nc6 5. a4 cxd4 6. Nxd4 Nxe5 7. Bb5+ Bd7 8. Bf4
Ng6 9. Bg3 Nf6 10. O-O Bc5 11. Bxd7+ Qxd7 12. Nf3 Ne4 13. Nbd2 Nxg3 14. hxg3 O-O
15. Ng5 h6 16. Ngf3 a6 17. c3 Rac8 18. Nh2 Rfd8 0-1

[Event "AUTO-ADV-4462"]
[Site "http://www.queenalice.com/game.php?id=1642909"]
[Date "2021.2.8"]
[Round "1"]
[White "Dangermouse"]
[Black "amaralch7"]
[Result "1-0"]
[WhiteElo "2020"]
[BlackElo "1818"]

1. d4 g6 2. c4 Bg7 3. e3 h5 4. Nf3 a6 5. Nc3 Nc6 6. Be2 d6 7. O-O Bg4 8. h3 e6
9. b3 Qe7 10. Ba3 f5 11. Rc1 Nf6 12. Qc2 Kf7 13. Ng5+ Ke8 14. f4 Kd7 15. d5 exd5
16. cxd5 Nd8 17. hxg4 hxg4 18. Nce4 Nxe4 19. Qxc7+ 1-0